000 00438nam a2200181Ia 4500
001 10217
005 20260306161815.0
008 260306t2019||||xx |||||||||||||| ||spa||
041 _aESP
082 _a909
_bS75
100 _aSpielvogel, Jackson J.
_eAUT
245 0 _aHistoria universal contemporánea
260 _c2019
300 _avarias paginaciones :
_c27 cm.
650 _aGEN
654 _aCHU
942 _cLIB
_dJUS
_fJUS
_2ddc
_n
999 _c10217
_d10217